| 000 | 00488nam a2200169 i 4500 | ||
|---|---|---|---|
| 001 | 52069 | ||
| 003 | ES-MaACL | ||
| 005 | 20230906162514.0 | ||
| 007 | t| | ||
| 008 | 030825s1966 sp ||||1| spa d | ||
| 100 | 1 |
_aCholokhov, Mikhail. _938600 |
|
| 245 | 1 | 0 |
_aSangre extraña / _cMichail Solochov ; [versión española de Carlos Puerto]. |
| 250 | _a[1ª ed.]. | ||
| 260 |
_aBarcelona : _bLuis de Caralt, _c[1966] |
||
| 300 |
_a196 p. ; _c21 cm. |
||
| 852 |
_aES-MaACL _jC-29285 _bR.59741 |
||
| 999 |
_c52069 _d52069 |
||